000 00206 a2200097 4500
001 12185
100 _aAshraf Ali Tanvi
245 _aManajaat-e-Maqbool
260 _a
_bSang-e-Meel
_c
090 _c9399
_d9399
942 _aNUST-CAE
_cM
_c36265
999 _c247258
_d247258